| 000 | 00357nam a2200145Ia 4500 | ||
|---|---|---|---|
| 008 | 230917s9999||||xx |||||||||||||| ||und|| | ||
| 040 |
_e77756 _aMAIN |
||
| 041 | _aEnglish | ||
| 082 | _a340.1 M765S | ||
| 100 | _aMontesquieu | ||
| 245 | 4 | _aThe spirit of laws | |
| 260 |
_aBarkeley _bUniversity of California _c1977 |
||
| 300 | _axxx, 478 p. | ||
| 942 | _cBK | ||
| 999 |
_c203031 _d203031 |
||